[Event "Floripa Chess Open 2024"]
[Site "Florianopolis"]
[Date "2024.01.20"]
[Round "1.142"]
[White "Leite, Lucas Bueno De Oliv"]
[Black "Frattini, Beatriz Maria"]
[Result "0-1"]
[WhiteElo "1227"]
[BlackElo "1873"]
[PlyCount "37"]
[EventDate "2024.01.20"]
[EventRounds "10"]
[EventCountry "BRA"]

1. e4 {Rogozenco,D} c5 2. c3 Nf6 3. e5 Nd5 4. d4 cxd4 5. cxd4 e6 6. a3 Nc6 7.
Nf3 d6 8. Bc4 Be7 9. O-O O-O 10. Bd2 ({RR} 10. Re1 Qc7 11. Bd3 dxe5 12. dxe5
Rd8 13. Qe2 g6 ({RR} 13... h6 14. Nc3 ({RR} 14. Bd2) ({RR} 14. Qe4 f5 15. exf6
Nxf6 16. Qc4) 14... Nxc3 15. bxc3 Bf8 16. Qe4 g6 17. Bf4) ({RR} 13... Na5 14.
Bg5 ({RR} 14. Ra2 Nb3 15. Bxh7+ Kxh7 16. Qd3+ Kg8 17. Qxb3) 14... Bxg5 15.
Bxh7+ Kxh7 ({RR} 15... Kf8 16. Nxg5 Nb3 17. Ra2 Nc1) 16. Nxg5+ Kg8 17. Qh5 Nb3
18. Qh7+ Kf8 19. Qh8+ Ke7 20. Qxg7 Rf8 21. Nc3 Nxc3 22. bxc3 Nxa1 23. Nh7 Bd7
24. Qg5+ Ke8 25. Nf6+ ({RR} 25. Rd1) 25... Kd8 26. Rd1 Kc8 27. Rxd7 Qxc3) 14.
Bd2 ({RR} 14. Bg5 Bxg5 15. Nxg5 Nf4) 14... b6 15. Nc3 Nxc3 16. Bxc3 Bb7 17. h4
Rd7 ({RR} 17... h5 18. Be4 Rd7 19. Rac1 Bf8 20. Bb4 ({RR} 20. b4)) 18. h5 ({RR
} 18. Rac1 Rad8 19. Bb5) 18... Rad8 19. Bb5 Qc8 20. Qe3 a6 21. Bf1 Bc5 22. Qf4
Ne7 23. hxg6 hxg6 24. Ng5 Nf5 {Kharlov,A (2639)-Gallagher,J (2519) Kolkata
2001 CBM 082 [Rogozenco,D] 1-0 (32)} ({RR} 24... Nd5 25. Qh4 Nxc3 26. bxc3 Qc7
27. Qh6 Rd2 ({RR} 27... b5 28. Nh7 Be7 29. Nf6+ Bxf6 30. exf6) 28. Qh7+ Kf8 29.
Nxe6+)) 10... Qb6 ({RR} 10... dxe5 11. dxe5 Nb6 12. Ba2 Nd4 13. Nxd4 Qxd4 14.
Bc3 Qxd1 15. Rxd1 Bd7 16. Ba5 Ba4 17. Rd4 Bc5 18. Rd2 Rfd8 19. Rxd8+ Rxd8 20.
Nc3 Bc6 21. Rd1 Rd7 22. Kf1 g5 23. Bxb6 Rxd1+ 24. Nxd1 Bxb6 25. g3 {Modena,G  
(1841)-Tripodi,E (2053) Arco ITA 2021 0-1 (46)}) 11. exd6 $146 ({RR} 11. Nc3
dxe5 12. Bxd5 exd5 13. Nxd5 Qd8 14. Nxe7+ Nxe7 15. dxe5 Bg4 16. Bb4 Re8 17. Qb3
Qb6 18. Ng5 Bh5 19. Qh3 Bg6 20. Rad1 h6 21. Nf3 Nc6 22. Bc3 Rad8 23. Rxd8 Qxd8
24. Qg4 Qd3 25. Re1 Bf5 {O'Toole,G (2242)-Rodriguez Alvarez,V (2122) Caleta
2015 0-1 (44)}) 11... Bxd6 12. Bc3 Nxc3 13. Nxc3 Rd8 14. b4 Nxd4 15. Nxd4 Bxh2+
16. Kxh2 Rxd4 17. Qe2 Qc7+ 18. g3 Rxc4 19. Rfd1 0-1

[Event "Floripa Chess Open 2024"]
[Site "Florianopolis"]
[Date "2024.01.20"]
[Round "1.143"]
[White "Do Carmo, Gabriel Carckeno"]
[Black "Alves, Lucas Fernando"]
[Result "1-0"]
[WhiteElo "1869"]
[BlackElo "1216"]
[PlyCount "67"]
[EventDate "2024.01.20"]
[EventRounds "10"]
[EventCountry "BRA"]

1. c4 c6 2. Nf3 d5 3. e3 Bf5 4. b3 Nf6 5. Bb2 ({RR} 5. Be2 e6 6. Nh4 Bg6 7. Bb2
Nbd7 8. d3 Bd6 9. Nd2 Qe7 10. a3 a5 11. g3 O-O 12. O-O e5 13. Nxg6 hxg6 14. Qc2
Rfe8 15. cxd5 cxd5 16. Rfc1 Nf8 17. Nf3 Qd7 18. Bf1 N8h7 19. Bg2 g5 {Artemiev,
V (2524)-Vitiugov,N (2734) Khanty-Mansiysk 2013 0-1 (56)}) 5... Nbd7 6. Be2 ({
RR} 6. d4 e6 7. Nc3 Bd6 8. Bd3 Bxd3 9. Qxd3 O-O 10. O-O e5 11. dxe5 Nxe5 12.
Nxe5 Bxe5 13. h3 Ne4 14. cxd5 Nxc3 15. Bxc3 Bxc3 16. Qxc3 Qxd5 17. Rfd1 Qe6 18.
Qd4 Qe7 19. Rac1 Rfd8 20. Qa4 a6 {Dehtiarov,R (2289)-Jelcic,M (2201) chess.com
INT 2023 1-0 (66)}) 6... g6 $146 ({RR} 6... h6 7. O-O e6 8. Nd4 Bg6 9. f4 Bc5
10. Nf3 O-O 11. Nc3 Qe7 12. a3 Ne4 13. b4 Bb6 14. Qc1 Rad8 15. c5 Bc7 16. d3
Nef6 17. d4 Ne4 18. Nxe4 Bxe4 19. Nd2 f5 20. Nxe4 fxe4 21. Kh1 {Schmitt,
L-Nuernberg,F Augsburg 1946 0-1 (45)}) 7. d3 Bg7 8. Nbd2 O-O 9. Nh4 Be6 10. Qc2
Qb6 11. Nhf3 Bf5 12. h3 Nc5 13. Rc1 Rfe8 14. cxd5 Na6 15. dxc6 Nb4 16. Qb1 Nxc6
17. O-O Rad8 18. Nc4 Qa6 19. Rfd1 Rd7 20. e4 Be6 21. d4 Bxc4 22. Bxc4 b5 23.
Bxf7+ Kxf7 24. Rxc6 Qb7 25. Ne5+ Kg8 26. Rdc1 Rd6 27. Qc2 Rxc6 28. Nxc6 Kf8 29.
d5 Rc8 30. Qd3 e6 31. Qf3 exd5 32. exd5 Qf7 33. Ba3+ Kg8 34. Ne7+ 1-0

[Event "Floripa Chess Open 2024"]
[Site "Florianopolis"]
[Date "2024.01.20"]
[Round "1.144"]
[White "De Abreu, Wiliam"]
[Black "Da Silva De Sena, Jefferson Ryan F"]
[Result "0-1"]
[WhiteElo "1197"]
[BlackElo "1867"]
[PlyCount "58"]
[EventDate "2024.01.20"]
[EventRounds "10"]
[EventCountry "BRA"]

1. e4 Nf6 2. Nc3 d5 3. exd5 Nxd5 4. Nxd5 Qxd5 5. Nf3 Nc6 6. d4 Bg4 7. c3 e5 8.
dxe5 Qxd1+ 9. Kxd1 Nxe5 10. Be2 O-O-O+ $146 ({RR} 10... Nxf3 11. Bxf3 Bxf3+ 12.
gxf3 O-O-O+ 13. Kc2 Rd5 14. Be3 Rf5 15. f4 Bd6 16. Rhg1 Bxf4 17. Rxg7 Bxe3 18.
fxe3 Rf2+ 19. Kb3 h5 20. Rag1 Rh6 21. Rd1 Rb6+ 22. Ka3 c6 23. b3 c5 24. b4 Ra6+
25. Kb3 {Hoang Xuan Thanh,K-Nguyen,D (2186) Vung Tau 2005 0-1 (34)}) 11. Ke1
Nxf3+ 12. Bxf3 Bxf3 13. gxf3 Bc5 14. Be3 Rhe8 15. Ke2 f5 16. f4 g5 17. Kf3 g4+
18. Ke2 Bd6 19. Kf1 Re4 20. Rd1 Bxf4 21. Rxd8+ Kxd8 22. Bxf4 Rxf4 23. Kg2 Ke7
24. Re1+ Kf6 25. Re8 Re4 26. Rf8+ Kg6 27. Kf1 a5 28. Rd8 Re7 29. Rf8 h5 0-1

[Event "Floripa Chess Open 2024"]
[Site "Florianopolis"]
[Date "2024.01.20"]
[Round "1.145"]
[White "De Paula, Luan Araujo"]
[Black "Salamanca Paraguayo, Mateo"]
[Result "1-0"]
[WhiteElo "1863"]
[BlackElo "1182"]
[PlyCount "45"]
[EventDate "2024.01.20"]
[EventRounds "10"]
[EventCountry "BRA"]

1. e4 {Hecht,H} c5 2. Nf3 Nc6 3. c4 e5 4. Nc3 Nf6 5. d3 Be7 ({RR} 5... d6 6. a3
Be7 7. Be2 Nd4 8. b4 b6 9. O-O O-O 10. Bg5 Be6 11. Rb1 h6 12. Be3 Nxe2+ 13.
Qxe2 Bg4 14. h3 Bh5 15. bxc5 bxc5 16. Rb7 a6 17. Rfb1 Re8 18. g4 Bg6 19. Bd2
Bf8 20. Kg2 {Nakamura,H (2494)-Fedorowicz,J (2509) San Francisco 2002 CBM 092 
[Hecht,H] 1-0 (74)}) 6. Be3 ({RR} 6. h3 d6 7. g4 h6 8. Bg2 Be6 9. Nd5 Qd7 10.
a3 Nd4 11. Nxd4 cxd4 12. f4 Bxd5 13. exd5 Nh7 14. O-O O-O 15. Be4 Rab8 16. a4
Rbe8 17. Kg2 a6 18. a5 Bd8 19. b4 Bh4 20. Ra2 exf4 {Mascarenhas,A (2175)-Manzi,
L (1992) TTC R Conde de Bomfim 451 Sal 2022 1-0 (79)}) 6... d6 7. h3 Nd4 $146 (
{RR} 7... Be6 8. g3 O-O 9. Bg2 Qd7 10. Ng5 h6 11. Nxe6 fxe6 12. O-O Nd4 13. f4
a6 14. Bxd4 cxd4 15. Nb1 b5 16. Nd2 Rab8 17. Qe2 Qa7 18. Rf2 Nd7 19. Raf1 exf4
20. gxf4 Nc5 21. b4 Na4 22. Qg4 {Zabala,F (2003)-Soto,M (1723) Medellin 2014
1-0 (31)}) 8. Qd2 Nxf3+ 9. gxf3 Bd7 10. f4 exf4 11. Bxf4 Nh5 12. Be3 Bf6 13.
Be2 Bxc3 14. Qxc3 Nf6 15. Rg1 Kf8 16. e5 Ne8 17. exd6 Bxh3 18. Bxc5 Kg8 19.
O-O-O g6 20. Qd4 Ng7 21. Bb4 b6 22. Bc3 Ne6 23. Qxh8# 1-0

[Event "Floripa Chess Open 2024"]
[Site "Florianopolis"]
[Date "2024.01.20"]
[Round "1.146"]
[White "Fraga, Sofia Carneiro"]
[Black "Marques, Eudes Pinto"]
[Result "0-1"]
[WhiteElo "1174"]
[BlackElo "1863"]
[PlyCount "79"]
[EventDate "2024.01.20"]
[EventRounds "10"]
[EventCountry "BRA"]

1. e4 c5 2. Nc3 Nc6 3. g3 Nf6 4. Bg2 e6 5. d3 d5 6. f4 h5 ({RR} 6... dxe4 7.
dxe4 Qxd1+ 8. Nxd1 Be7 9. c3 O-O 10. Ne3 Bd7 11. Nh3 Rfd8 12. Nf2 Be8 13. O-O
b5 14. e5 Nd5 15. Nxd5 exd5 16. Rd1 d4 17. cxd4 Nxd4 18. Bxa8 Rxa8 19. b3 Bc6
20. h3 Nf3+ 21. Kf1 {Tu,H (2483)-Gerzhoy,L (2407) Montreal 2007 1/2-1/2 (48)})
7. Nf3 $146 ({RR} 7. e5 Nd7 8. h4 Rb8 9. Nf3 b5 10. O-O b4 11. Ne2 a5 12. Ng5
g6 13. Kh2 a4 14. Ng1 Be7 15. Bd2 Bxg5 16. hxg5 h4 17. gxh4 Rxh4+ 18. Kg3 Rh7
19. Nf3 Ne7 20. Bh3 d4 21. Bg4 Bb7 {Shubenkova,V (1960)-Smith,S (2247) chess.
com INT 2023 1-0 (35)}) 7... Be7 8. e5 Ng4 9. h3 Nh6 10. Ne2 Nf5 11. h4 Qb6 12.
c3 Bd7 13. Rb1 f6 14. d4 cxd4 15. cxd4 Bb4+ 16. Bd2 Ne3 17. Qb3 Bxd2+ 18. Nxd2
Qxb3 19. Nxb3 Nxg2+ 20. Kf2 Nxf4 21. Nxf4 b6 22. Rhe1 Kf7 23. Kf3 Ne7 24. Rbc1
Rac8 25. Rxc8 Bxc8 26. Rc1 g5 27. hxg5 fxg5 28. Nd3 Ba6 29. Ke3 Nf5+ 30. Ke2
Rc8 31. Rf1 Bxd3+ 32. Kxd3 Rc4 33. Nd2 Rxd4+ 34. Kc3 Rg4 35. Rf3 Rxg3 36. Rxg3
Nxg3 37. Nf3 Kg6 38. Kd4 Nf5+ 39. Kd3 g4 40. Ne1 0-1

[Event "Floripa Chess Open 2024"]
[Site "Florianopolis"]
[Date "2024.01.20"]
[Round "1.148"]
[White "Santos, Nathaly Camily Ferr"]
[Black "Fischer, Ivo Lucio"]
[Result "0-1"]
[WhiteElo "1167"]
[BlackElo "1860"]
[PlyCount "42"]
[EventDate "2024.01.20"]
[EventRounds "10"]
[EventCountry "BRA"]

1. e4 c5 2. Nf3 e6 3. d3 Nc6 4. g3 d6 5. Bg2 Nge7 ({RR} 5... g6 6. c3 e5 7. O-O
Bg7 8. a3 Nge7 9. b4 O-O 10. Be3 b6 11. b5 Nb8 12. c4 a6 13. Nc3 axb5 14. cxb5
Ra7 15. Nd2 Be6 16. Nc4 f5 17. Nd5 Nd7 18. Nxd6 f4 19. Bd2 Nf6 20. Nxe7+ {
Poluljahov,A (2526)-Bellon Lopez,J (2429) Catalan Bay 2004 0-1 (56)}) 6. b3
$146 ({RR} 6. O-O e5 7. c3 g6 8. a3 Bg7 9. b4 O-O 10. Be3 b6 11. Nbd2 h6 12.
Nc4 Be6 13. b5 Nb8 14. Qe2 a5 15. d4 Qc7 16. Rac1 Ra7 17. Rfd1 Kh7 18. Rc2 f5
19. dxe5 dxe5 20. exf5 gxf5 {Novikov,S (2286)-Sulashvili,M (2153) Baku 2001
1-0 (37)}) ({RR} 6. O-O g6 7. d4 cxd4 8. Nxd4 Bg7 9. Nb5 d5 10. exd5 exd5 11.
N1c3 a6 12. Na3 Be6 13. Bg5 O-O 14. Qd2 b5 15. Nd1 b4 16. Nb1 Rc8 17. a3 Qb6
18. axb4 Nf5 19. c3 h6 20. Be3 Nxe3 {Rangel,D (2193)-Lutz,I (1969) chess.com
INT 2023 1-0 (37)}) 6... e5 7. Bb2 Bg4 8. Nbd2 Ng6 9. O-O Qd7 10. Qe1 Nb4 11.
Qc1 Be7 12. Nc4 h5 13. Ne3 Bh3 14. Kh1 h4 15. Rg1 O-O-O 16. a3 Bxg2+ 17. Nxg2
Nc6 18. Qe3 hxg3 19. fxg3 Rh5 20. Nfh4 Nxh4 21. Nxh4 g6 0-1

[Event "Floripa Chess Open 2024"]
[Site "Florianopolis"]
[Date "2024.01.20"]
[Round "1.149"]
[White "Azevedo, Edmundo"]
[Black "Bandeira, Ricardo"]
[Result "1-0"]
[WhiteElo "1860"]
[BlackElo "1161"]
[PlyCount "16"]
[EventDate "2024.01.20"]
[EventRounds "10"]
[EventCountry "BRA"]

1. d4 Nf6 2. Nf3 g6 3. Bf4 Bg7 4. e3 O-O 5. Be2 d6 6. O-O Nbd7 7. c3 Re8 ({RR} 
7... b6 8. a4 a6 9. h3 Bb7 10. Na3 c5 11. Bh2 Ra7 12. Qb3 Qa8 13. Rfd1 b5 14.
axb5 axb5 15. Bxb5 Bxf3 16. gxf3 Qxf3 17. Bf1 Ne4 18. Qc2 Ng5 19. Bg2 Qh5 20.
Kf1 Rb8 21. Nc4 Rc7 22. Nxd6 {Naiditsch,A (2702)-Karthikeyan,P (2507) Sharjah
2017 1-0 (34)}) ({RR} 7... b6 8. a4 a6 9. Na3 Bb7 10. h3 Ne4 11. Nc4 Re8 12.
Qc2 e5 13. Bh2 Ng5 14. Ncd2 exd4 15. cxd4 Ne4 16. Rfc1 c5 17. Nxe4 Bxe4 18. Qd1
d5 19. b3 Qe7 20. Ra2 Rec8 21. Bf4 h6 22. Nd2 {Dos Santos Junior,H (2075)
-Caetano,R (2207) Rua Odílio Garcia, 456, bairr 2022 1/2-1/2 (68)}) 8. Qd3
$146 ({RR} 8. Re1 c6 9. Nbd2 e5 10. dxe5 dxe5 11. Bg3 e4 12. Nd4 Nb6 13. Qc2 h5
14. h3 Qe7 15. Nc4 Nxc4 16. Bxc4 g5 17. Ne2 h4 18. Bh2 Nh5 19. a3 Be5 20. Nd4
g4 21. hxg4 Bxg4 22. f3 Bxh2+ {Vo,M-Nithyalakshmi,S (1719) Taipa 2014 1-0 (49)}
) ({RR} 8. Nbd2 e5 9. dxe5 dxe5 10. Bg5 h6 11. Bh4 g5 12. Bg3 Nh5 13. Nb3 Nxg3
14. hxg3 e4 15. Nfd4 Nf6 16. Qc2 h5 17. Rad1 Qe7 18. f4 exf3 19. Rxf3 g4 20.
Nf5 Bxf5 21. Rxf5 Qxe3+ 22. Kf1 Ne4 {Le Bail,S (1746)-Leonardy,B (1177)
Europe-Chess INT 2020 0-1}) 8... e5 1-0

[Event "Floripa Chess Open 2024"]
[Site "Florianopolis"]
[Date "2024.01.20"]
[Round "1.150"]
[White "Kortmann, Pedro Reck"]
[Black "Felizes, Paulo"]
[Result "0-1"]
[WhiteElo "1159"]
[BlackElo "1855"]
[PlyCount "41"]
[EventDate "2024.01.20"]
[EventRounds "10"]
[EventCountry "BRA"]

1. e4 e5 2. Nf3 Nc6 3. d4 exd4 4. Bc4 Nf6 5. Bg5 h6 6. Bh4 ({RR} 6. Bxf6 Qxf6
7. c3 dxc3 8. Nxc3 Bb4 9. Rc1 O-O 10. O-O Bxc3 11. Rxc3 d6 12. Bd5 Qd8 13. Bxc6
bxc6 14. e5 Ba6 15. Re1 c5 16. Qa4 Bb7 17. Qg4 Re8 18. Rce3 Re6 19. Qc4 Qd7 20.
Qg4 Rae8 {Annegarn,A-Arndt,M (2359) Kiel GER 2022 0-1 (47)}) 6... g5 ({RR} 6...
Be7 7. e5 Ne4 8. Bxe7 Qxe7 9. O-O O-O 10. Re1 Ng5 11. Nxd4 Nxd4 12. Qxd4 d6 13.
Nc3 Be6 14. exd6 Qxd6 15. Qxd6 cxd6 16. Bb3 Bxb3 17. axb3 Rfe8 18. Rxe8+ Rxe8
19. h4 Ne4 20. Nd5 a6 21. Rd1 {Van Foreest,J (2701)-Najdin,D (2285) chess.com
INT 2021 1-0 (66)}) 7. Bg3 Nxe4 8. Ne5 $146 ({RR} 8. O-O Nxg3 9. fxg3 d5 10.
Bb5 Bc5 11. Ne5 Be6 12. Nxc6 bxc6 13. Bxc6+ Ke7 14. Bxa8 Qxa8 15. Kh1 g4 16.
Nd2 Bb6 17. Qe2 h5 18. Qe5 Kd7 19. Rae1 Qg8 20. b4 h4 21. gxh4 Rxh4 22. g3 Rh3
{Jeney,E-Steinitz,W Vienna 1860 0-1 (35)}) 8... Nxg3 9. Bxf7+ Ke7 10. Ng6+ Kxf7
11. Nxh8+ Kg7 12. hxg3 Qe7+ 13. Kf1 Kxh8 14. Nd2 d5 15. Nf3 Bg4 16. Qe1 Bxf3
17. gxf3 Qxe1+ 18. Rxe1 Nb4 19. Re5 c6 20. Ke2 Kg7 21. a3 0-1

[Event "Floripa Chess Open 2024"]
[Site "Florianopolis"]
[Date "2024.01.20"]
[Round "1.151"]
[White "Dias, Marcelo De Souza"]
[Black "Seara, Sophia Parisotto"]
[Result "1-0"]
[WhiteElo "1854"]
[BlackElo "1154"]
[PlyCount "41"]
[EventDate "2024.01.20"]
[EventRounds "10"]
[EventCountry "BRA"]

1. d4 d5 2. Bf4 Nf6 3. e3 c5 4. dxc5 Qa5+ 5. Nc3 Qxc5 6. Nb5 Na6 7. c3 Bd7 ({RR
} 7... e6 8. Nf3 Be7 9. Be2 O-O 10. O-O Bd7 11. a4 Rfc8 12. Be5 Qb6 13. Bd4 Bc5
14. Bxf6 gxf6 15. e4 Bc6 16. e5 f5 17. Qd2 Be7 18. Nd6 Bxd6 19. Qg5+ Kf8 20.
exd6 Qd8 21. Qh6+ Ke8 22. Ng5 {Vlasenko,M (2352)-Krivitskiy,A (1803)
Khanty-Mansiysk RUS 2023 1-0}) 8. a4 g6 ({RR} 8... e6 9. Nf3 Be7 10. Be2 O-O
11. O-O Qb6 12. Qd4 Bc5 13. Qd3 Rfc8 14. b4 Be7 15. Rfc1 Qd8 16. Qd4 Qb6 17.
Be5 Be8 18. h3 h6 19. Qxb6 axb6 20. Bd4 Nd7 21. Bd3 f6 22. e4 e5 23. Be3 {
Ding Liren (2799)-Vidit,S (2727) chess.com INT 2021 0-1 (47)}) 9. Nf3 Ne4 $146
({RR} 9... Bg7 10. Ne5 O-O 11. Nxd7 Nxd7 12. Be2 e5 13. Bg3 Nb6 14. O-O Rfd8
15. Bh4 Rd7 16. a5 Nc4 17. b3 Nd6 18. c4 d4 19. exd4 exd4 20. Bg4 Nf5 21. Qd3
Nb4 22. Qh3 d3 23. Rad1 d2 24. Bxf5 {Alonso Rosell,A (2571)-Lubczynski,R (2289)
http://www.chessbomb.com 2021 1-0 (32)}) 10. Be5 f6 11. Bd4 Qc6 12. Nxa7 Rxa7
13. Bxa7 Bg7 14. Bb5 Qd6 15. Bxd7+ Qxd7 16. a5 O-O 17. Qe2 f5 18. Bd4 Nf6 19.
O-O Nc7 20. Ne5 Qd6 21. Nf3 1-0

[Event "Floripa Chess Open 2024"]
[Site "Florianopolis"]
[Date "2024.01.20"]
[Round "1.152"]
[White "Baratieri, Maria Vitoria"]
[Black "Santos, Abel Cardoso Dos"]
[Result "0-1"]
[WhiteElo "1152"]
[BlackElo "1854"]
[PlyCount "52"]
[EventDate "2024.01.20"]
[EventRounds "10"]
[EventCountry "BRA"]

1. d4 Nf6 2. c4 g6 3. f3 Bg7 4. e4 d6 5. Nc3 Nbd7 6. Be3 e5 7. d5 Nh5 8. g4 ({
RR} 8. Qd2 Nc5 9. Nge2 a5 10. g4 Nf6 11. h3 h5 12. Bg2 Bd7 13. Bg5 Qb8 14. Be3
O-O 15. Ng3 h4 16. Nge2 c6 17. Bg5 cxd5 18. cxd5 b5 19. Bxh4 b4 20. Nd1 Bb5 21.
O-O Rc8 22. Ne3 Nd3 {Pesotskiy,M (2217)-Oparin,G (2674) chess.com INT 2022 0-1
(52)}) ({RR} 8. Nge2 f5 9. g3 f4 10. Bf2 fxg3 11. hxg3 O-O 12. Ng1 a5 13. Qd2
Bf6 14. Nh3 Nc5 15. Bg2 Bxh3 16. Rxh3 Bg5 17. Be3 h6 18. Nb5 Rf7 19. O-O-O Bxe3
20. Qxe3 Qg5 21. Qxg5 hxg5 22. Kb1 Kg7 {Campos,E (2189)-Valenta,V (2012)
Kastel SRB 2023 1/2-1/2 (40)}) 8... Nf4 9. Nge2 Nxe2 10. Bxe2 $146 ({RR} 10.
Qxe2 h5 11. O-O-O Bh6 12. Bxh6 Rxh6 13. Qe3 g5 14. gxh5 Rxh5 15. Rg1 f6 16. Be2
Rxh2 17. Rh1 Rxh1 18. Rxh1 Nf8 19. c5 a6 20. Qg1 dxc5 21. f4 gxf4 22. Bh5+ Kd7
23. Qxc5 Qe7 24. d6 cxd6 {Eberhardt,F-Klostermann,M Dorfen 1979 1-0 (32)})
10... Bf6 11. O-O h5 12. Qd2 Bh4 13. f4 exf4 14. Bxf4 Ne5 15. c5 Qe7 16. cxd6
cxd6 17. Bb5+ Bd7 18. Bxd7+ Qxd7 19. Bxe5 dxe5 20. Qe2 a6 21. h3 Bg5 22. Rad1
Bf4 23. Qf3 hxg4 24. Qxg4 Qxg4+ 25. hxg4 Rh4 26. Rf3 O-O-O 0-1

[Event "Floripa Chess Open 2024"]
[Site "Florianopolis"]
[Date "2024.01.20"]
[Round "1.153"]
[White "Eger, Laura Luisa"]
[Black "Cunha, Paola De Oliveira"]
[Result "1-0"]
[WhiteElo "1848"]
[BlackElo "1151"]
[PlyCount "77"]
[EventDate "2024.01.20"]
[EventRounds "10"]
[EventCountry "BRA"]

1. e4 c5 2. Nf3 d6 3. c3 Nf6 4. Be2 Nxe4 5. Qa4+ Bd7 6. Qxe4 Nc6 7. O-O g6 8.
d4 cxd4 9. Nxd4 Bg7 10. Nd2 $146 ({RR} 10. Nxc6 Bxc6 11. Qc2 O-O 12. Be3 Qd7
13. Nd2 f5 14. Bf3 f4 15. Bxc6 Qxc6 16. Qb3+ Kh8 17. Bd4 e5 18. Bxe5 dxe5 19.
Qc4 Qxc4 20. Nxc4 Rad8 21. Rad1 Rfe8 22. Nd6 Rf8 23. Nf7+ Rxf7 24. Rxd8+ Bf8 {
Guid,T (1200)-Liu,J (1333) Pocos de Caldas 2017 1-0 (34)}) 10... O-O 11. N2f3
e6 12. Re1 f5 13. Qc2 Rc8 14. Nxc6 Bxc6 15. Bg5 Be4 16. Bxd8 Bxc2 17. Be7 Rfe8
18. Bxd6 Rc6 19. Be5 Bh6 20. Bb5 Be4 21. Bxc6 Bxc6 22. Rad1 Bd5 23. b3 Be4 24.
Rd7 Bc6 25. Rc7 Bf8 26. Nd4 Be4 27. f3 Bd3 28. Rxb7 Bc5 29. Rg7+ Kf8 30. Rxh7
Re7 31. Rxe7 Kxe7 32. a4 Ba6 33. b4 Bb6 34. a5 Bd8 35. Nc6+ Ke8 36. Nxd8 Kxd8
37. Bd4 Kc7 38. Rxe6 Kb7 39. Rxg6 1-0

[Event "Floripa Chess Open 2024"]
[Site "Florianopolis"]
[Date "2024.01.20"]
[Round "1.154"]
[White "Orsini, Cesar Oliveira"]
[Black "Pessoa, Marcio De Souza"]
[Result "0-1"]
[WhiteElo "1151"]
[BlackElo "1846"]
[PlyCount "38"]
[EventDate "2024.01.20"]
[EventRounds "10"]
[EventCountry "BRA"]

1. e4 c6 2. d4 d5 3. e5 Bf5 4. Nf3 e6 5. Be2 c5 6. c3 Nc6 7. a3 c4 8. Nbd2 Nge7
9. Nf1 h6 10. Ng3 Bh7 11. Nh5 Be4 $146 ({RR} 11... Nf5 12. h4 Qb6 13. g4 Nfe7
14. Nd2 O-O-O 15. f4 Ng8 16. b4 g6 17. Ng3 Nxd4 18. Nxc4 dxc4 19. cxd4 g5 20.
f5 Ne7 21. Bb2 Nc6 22. Qc1 Kb8 23. hxg5 exf5 24. gxf5 Bg8 25. Bf3 Nxd4 26. Bxd4
{Jaderholm,B-Raitanen,P Finland 1997 1-0}) 12. O-O Nf5 13. Ng3 Nxg3 14. fxg3
Be7 15. Nd2 Bg6 16. Bh5 O-O 17. Qg4 Bf5 18. Qf3 Bg5 19. g4 Bd3 0-1

[Event "Floripa Chess Open 2024"]
[Site "Florianopolis"]
[Date "2024.01.20"]
[Round "1.155"]
[White "Karoly, Carlos Acacio Gomes"]
[Black "Da Silva Junior, Jose Cacio"]
[Result "1-0"]
[WhiteElo "1846"]
[BlackElo "1139"]
[PlyCount "47"]
[EventDate "2024.01.20"]
[EventRounds "10"]
[EventCountry "BRA"]

1. Nf3 d5 2. g3 Nf6 3. Bg2 Bf5 4. d3 Nc6 5. b3 ({RR} 5. Nh4 Be6 6. Nd2 g5 7.
Nhf3 g4 8. Nh4 Bh6 9. Nb3 Bxc1 10. Qxc1 Qd6 11. c3 O-O-O 12. d4 Nd7 13. Qc2
Rdg8 14. O-O-O Rg5 15. f4 gxf3 16. exf3 Rh5 17. Rhe1 Rg8 18. Bf1 Rxh4 19. gxh4
Qf4+ {Gonda,L (2535)-Breier,A (2387) Germany 2013 1-0}) ({RR} 5. a3 e5 6. O-O
a5 7. Nc3 d4 8. Nb5 a4 9. Bd2 Na5 10. b4 axb3 11. cxb3 Be6 12. Nxe5 c6 13. b4
Nb3 14. Nxc6 bxc6 15. Bxc6+ Ke7 16. Bxa8 Qxa8 17. Nc7 Qc6 18. Nxe6 Qxe6 19. Rb1
Nxd2 {Lahaye,R (2417)-Van Roon,S (2310) Dieren NED 2022 1/2-1/2 (61)}) 5... e5
6. Bb2 Be7 $146 ({RR} 6... Bd6 7. O-O Qd7 8. Re1 O-O-O 9. Nbd2 h5 10. c4 Bh3
11. cxd5 Nxd5 12. Bh1 f6 13. a3 a5 14. Rc1 Qe7 15. Nh4 Bxa3 16. Bxa3 Qxa3 17.
Ra1 Qc5 18. Ne4 Qb6 19. Rc1 Ncb4 20. Nc5 Na2 21. Rc4 {Ruck,H (1859)
-Roehrbacher,F (1674) Vienna 2011 1-0 (35)}) 7. Nxe5 Nxe5 8. Bxe5 O-O 9. Bb2 c6
10. Nd2 h6 11. O-O Re8 12. a4 a5 13. e4 dxe4 14. Nxe4 Nxe4 15. dxe4 Bh7 16. Qg4
g6 17. Rad1 Qc7 18. Rd7 Qc8 19. Rfd1 h5 20. Qf4 g5 21. Qe5 f6 22. Qe6+ Kf8 23.
Bxf6 Bg8 24. Bxe7+ 1-0

[Event "Floripa Chess Open 2024"]
[Site "Florianopolis"]
[Date "2024.01.20"]
[Round "1.156"]
[White "Motta, Agahta Dos Santos"]
[Black "Moyses Sobrinho, Elias"]
[Result "0-1"]
[WhiteElo "1124"]
[BlackElo "1844"]
[PlyCount "48"]
[EventDate "2024.01.20"]
[EventRounds "10"]
[EventCountry "BRA"]

1. d4 Nf6 2. c4 c5 3. d5 b5 4. e3 bxc4 5. Bxc4 d6 6. Ne2 g6 7. O-O Bg7 8. Nbc3
O-O 9. Qc2 Nbd7 10. Bb5 $146 ({RR} 10. e4 Nb6 11. Bb5 a6 12. Bc6 Rb8 13. Na4
Bd7 14. Bxd7 Nfxd7 15. Rb1 Rb7 16. f4 a5 17. Nac3 Nb8 18. f5 Na6 19. a3 Nd7 20.
fxg6 fxg6 21. Be3 Rxf1+ 22. Rxf1 Qb6 23. Rb1 Ne5 24. b3 Ng4 {Delisle,
C-Marchadour,E (2048) France 2004 0-1}) 10... Bb7 11. e4 a6 12. Bxd7 Nxd7 13.
f4 Qc7 14. Qd3 c4 15. Qg3 f5 16. exf5 Rxf5 17. Rd1 Nb6 18. Nd4 Bxd4+ 19. Rxd4
Nxd5 20. Bd2 Qc5 21. Qf2 e5 22. Ne4 Qxd4 23. Qxd4 exd4 24. Nxd6 Rf7 0-1

[Event "Floripa Chess Open 2024"]
[Site "Florianopolis"]
[Date "2024.01.20"]
[Round "1.157"]
[White "Cardoso, Leandro Ubialli"]
[Black "Telles, Arnoldo Beber"]
[Result "1-0"]
[WhiteElo "1842"]
[BlackElo "1116"]
[PlyCount "69"]
[EventDate "2024.01.20"]
[EventRounds "10"]
[EventCountry "BRA"]

1. e4 c5 2. Nf3 d6 3. d4 cxd4 4. Nxd4 Nf6 5. Nc3 a6 6. f3 e6 7. Be3 b5 8. g4
Be7 9. Qd2 Nbd7 ({RR} 9... O-O 10. O-O-O b4 11. Nce2 a5 12. Ng3 d5 13. g5 Ne8
14. e5 a4 15. Kb1 Nc7 16. f4 Re8 17. h4 Qd7 18. Nh5 Kh8 19. Nf6 gxf6 20. gxf6
Bc5 21. Rg1 Qd8 22. Bd3 {1-0 (22) Fogarasi,T (2500)-Enders,P (2480) Budapest
1995}) ({RR} 9... O-O 10. h4 Bb7 11. h5 Nfd7 12. O-O-O Nc6 13. Nxc6 Bxc6 14. g5
Ne5 15. Rh3 b4 16. Nb1 a5 17. Qd4 f6 18. g6 d5 19. f4 Ng4 20. exd5 Qxd5 21. Bc4
Qf5 22. Bd3 Qd5 {1/2-1/2 (22) Tattersall Rodriguez,L (2236)-Pogorelov,R (2271)
Porto Cristo ESP 2023}) ({RR} 9... h6 10. O-O-O Bb7 11. h4 Nbd7 12. Rg1 g5 13.
hxg5 hxg5 14. a3 d5 15. Bxg5 dxe4 16. fxe4 Nxe4 17. Nxe4 Bxe4 18. Bxe7 Qxe7 19.
Bxb5 axb5 20. Nxb5 O-O 21. Nd6 Bg6 22. g5 Rfd8 23. Rh1 Nf8 24. Qh2 {Cardoso,L 
(1789)-Zimmermann,K (1921) Icara 2016 0-1 (31)}) 10. Nc6 $146 ({RR} 10. O-O-O
Bb7 11. h4 Nb6 12. g5 Nfd7 13. Qf2 b4 14. Nce2 d5 15. e5 Nc4 16. f4 Nc5 17. Bg2
Rc8 18. Kb1 Na4 19. Bc1 Qb6 20. Qg3 Bc5 21. Ka1 g6 22. h5 Kd7 23. Rh3 Kc7 24.
Nb3 Kb8 {Martins,H (2105)-Guerra Costa,J (2170) Portugal 2004 1/2-1/2}) 10...
Qc7 11. Nxe7 Kxe7 12. O-O-O Ne8 13. a3 Bb7 14. g5 Nc5 15. Bg2 a5 16. Qf2 b4 17.
Nb5 Qc6 18. Nxd6 Nxd6 19. Bxc5 Rad8 20. Rxd6 Rxd6 21. Rd1 Rhd8 22. Rxd6 Rxd6
23. e5 bxa3 24. Bxa3 Kd7 25. Bxd6 Qd5 26. Qb6 Qc6 27. Qxa5 f6 28. gxf6 gxf6 29.
Qd2 Qa4 30. Ba3+ Kc8 31. exf6 Qe8 32. Qc3+ Kb8 33. Bd6+ Ka8 34. Qa5+ Ba6 35.
Qxa6# 1-0